|
|
|
|
| LEADER |
00000nab a2200000uu 4500 |
| 001 |
vtls010908481 |
| 003 |
SK-MaSNL |
| 005 |
20260303105812.0 |
| 008 |
230121|2005 xo |||||||||||||||||slo| |
| 015 |
|
|
|a SNBRB
|
| 035 |
|
|
|a (urnnbn)urn:nbn:sk:snk:ar-a07yqm
|
| 035 |
|
|
|a (uuid)e6de5ea8-91e9-436a-bfd0-6b0aac76c9ae
|
| 035 |
|
|
|a urn:nbn:sk:snk-ab8yd2
|
| 040 |
|
|
|a SNKBUCL
|b slo
|c SNKBUCL
|e AACR2
|
| 041 |
0 |
|
|a slo
|
| 044 |
|
|
|a xo
|c SK
|
| 100 |
1 |
|
|a Demčák, Martin
|4 aut
|9 777840
|
| 245 |
1 |
0 |
|a BOZP TROCHU INAK: KAUZÁLNY MODEL STRÁT
|c Martin Demčák
|
| 773 |
0 |
|
|t Bezpečnosť práce : odborný časopis pre problematiku bezpečnosti a ochrany zdravia pri práci
|g Roč. 5, č. 9 (2005), s. 38-40
|
| 954 |
|
|
|a odborná, vedecká literatúra pôvodná (slovenská)
|2 lita
|
| 958 |
|
|
|a OND
|
| 958 |
|
|
|a EUIPO
|
| 958 |
|
|
|a article10
|
| 999 |
|
|
|c 1865549
|d 1867479
|